Význam, účinky a úžitkový potenciál zdrojov rastlinného pôvodu v multiúčelových potrebách užívateľov zborník vedeckých, odborných a diskusných príspevkov z 22. konferencie organizovanej online Regionálnou rozvojovou agentúrou pre rozvoj Dolného Zemplína v Trebišove s medzinárodnou účasťou na ústrednú tému "Význam, účinky a úžitkový potenciál zdrojov rastlinného pôvodu v multiúčelových potrebách užívateľov", konanej 6. marca 2021

Bibliographic Details
Corporate Author: Regionálna rozvojová agentúra (Trebišov, Slovensko). Význam, účinky a úžitkový potenciál zdrojov rastlinného pôvodu v multiúčelových potrebách užívateľov (Author)
Other Authors: Kačániová, Miroslava, 1971- (Compiler), Miklášová, Katarína, 1977- (Compiler), Sudzina, Marián (Compiler)
Format: Software eBook
Language:Slovak
PhysicalDescription:1 CD-ROM farebný 12 cm
Published: Trebišov Regionálna rozvojová agentúra pre rozvoj Dolného Zemplína 2021
ISBN:9788099998002
Subjects:

MARC

LEADER 00000nam a2200000 4500
001 vtls012067719
003 SK-MaSNL
005 20260301104613.0
007 co cg auuua
008 210907s2021 xo | fq 100 0 slo
015 |a SNBS2021 
020 |a 9788099998002  |q (elektronická kniha) 
040 |a SNK  |b slo  |c SNK  |e rda 
041 0 |a slo  |b eng 
044 |a xo  |c SK 
072 7 |a 633  |x Rastlinná výroba  |2 konspekt 
080 |a 633:631.57  |2 2011 
080 |a 581.135.5  |2 2011 
080 |a 615.8  |2 2011 
080 |a (062.534)  |2 2011 
080 |a (0.034.44)  |2 2011 
110 2 |a Regionálna rozvojová agentúra (Trebišov, Slovensko).  |b Význam, účinky a úžitkový potenciál zdrojov rastlinného pôvodu v multiúčelových potrebách užívateľov  |n (22. :  |d 2021 :  |c on line, Slovensko)  |4 aut  |9 443607 
245 1 0 |a Význam, účinky a úžitkový potenciál zdrojov rastlinného pôvodu v multiúčelových potrebách užívateľov  |b zborník vedeckých, odborných a diskusných príspevkov z 22. konferencie organizovanej online Regionálnou rozvojovou agentúrou pre rozvoj Dolného Zemplína v Trebišove s medzinárodnou účasťou na ústrednú tému "Význam, účinky a úžitkový potenciál zdrojov rastlinného pôvodu v multiúčelových potrebách užívateľov", konanej 6. marca 2021  |c zostavovateľ zborníka: Miroslava Kačániová, Katarína Miklášová, Marián Sudzina 
264 1 |a Trebišov  |b Regionálna rozvojová agentúra pre rozvoj Dolného Zemplína  |c 2021 
300 |a 1 CD-ROM  |b farebný  |c 12 cm 
336 |a text  |b txt  |2 rdacontent 
337 |a počítač  |b c  |2 rdamedia 
338 |a počítačový disk  |b cd  |2 rdacarrier 
347 |a textový súbor  |b PDF  |2 rda 
546 |a Názvy príspevkov aj anglicky; resumé anglicky 
650 0 7 |a rastlinné produkty  |2 SNKPH  |9 31813 
650 0 7 |a éterické oleje  |2 SNKPH  |9 50661 
650 0 7 |a alternatívna terapia  |2 SNKPH  |9 67390 
650 0 7 |a Plant products  |2 SNKPHeng  |9 350867 
650 0 7 |a Essential oils  |2 SNKPHeng  |9 367091 
650 0 7 |a Alternative therapy  |2 SNKPHeng  |9 313147 
655 7 |a CD-ROM  |2 SNKPH  |9 70236 
655 7 |a zborníky konferencií  |2 SNKPH  |9 70153 
655 7 |a Proceedings of conferences  |2 SNKPHeng  |9 265791 
700 1 |a Kačániová, Miroslava,  |d 1971-  |4 com  |9 188038 
700 1 |a Miklášová, Katarína,  |d 1977-  |4 com  |9 217721 
700 1 |a Sudzina, Marián  |4 com  |9 443585 
919 |a 978-80-99998-00-2 
999 |c 698570  |d 700500 
952 |a SNK  |b SNK  |y PREZ  |7 0  |p 17A1457761  |o snkSCDM 11881  |i snk2021/11793  |8 0  |0 0  |1 0  |4 0  |d 2021-09-07  |l 0  |r 2026-02-23 20:49:19  |w 2026-02-23